[Event "ch-CHN 2018"]
[Site "Xinghua CHN"]
[Date "2018.04.21"]
[Round "4.5"]
[White "Lu, Shanglei"]
[Black "Xu, Jun"]
[Result "1-0"]
[WhiteTitle "GM"]
[BlackTitle "GM"]
[WhiteElo "2640"]
[BlackElo "2501"]
[WhiteFideId "8603332"]
[BlackFideId "8600031"]
[EventDate "2018.04.18"]

1. e4 e5 2. Nf3 Nc6 3. Bb5 a6 4. Ba4 Nf6 5. O-O Bc5 6. c3 b5 7. Bc2 d5 8. d4
dxe4 9. dxe5 Qxd1 10. Rxd1 exf3 11. exf6 gxf6 12. Be4 Bd7 13. Nd2 O-O-O 14. Nxf3
Rhe8 15. Re1 f5 16. Bc2 Rxe1+ 17. Nxe1 Re8 18. Nd3 Bb6 19. Bf4 b4 20. Rd1 bxc3
21. bxc3 f6 22. h4 Re2 23. Rd2 Re4 24. Bg3 Rc4 25. Nf4 Ne7 26. Bd3 Ra4 27. Nh5
Ng8 28. Bf4 Be6 29. g3 a5 30. Ng7 Bxa2 31. Ba6+ Kb8 32. Rd8+ Ka7 33. Bb5 Re4 34.
Bc6 Re1+ 35. Kg2 Ka6 36. Ne8 Ne7 37. Ra8+ Ba7 38. Nxc7+ Kb6 39. Bf3 a4 40. Nb5
Kxb5 41. Rxa7 Bd5 42. c4+ Kxc4 43. Rxa4+ Kb5 44. Ra7 Bxf3+ 45. Kxf3 Re6 46. h5
Kb6 47. Rc7 Ka6 48. Be3 Kb5 49. Bd4 Ka6 50. Bc5 Nd5 51. Rxh7 Kb5 52. Bf8 f4 53.
g4 Kc4 54. h6 Rb6 55. Rd7 f5 56. Rxd5 Kxd5 57. h7 fxg4+ 58. Kxg4 Rg6+ 59. Kf3 1-0

[Event "ch-CHN 2018"]
[Site "Xinghua CHN"]
[Date "2018.04.21"]
[Round "4.6"]
[White "Xu, Yi"]
[Black "Bai, Jinshi"]
[Result "1/2-1/2"]
[WhiteTitle "IM"]
[BlackTitle "GM"]
[WhiteElo "2522"]
[BlackElo "2586"]
[WhiteFideId "8605564"]
[BlackFideId "8602280"]
[EventDate "2018.04.18"]

1. e4 e5 2. Nf3 Nf6 3. Nxe5 d6 4. Nf3 Nxe4 5. d4 d5 6. Bd3 Nc6 7. O-O Be7 8.
Nbd2 Nd6 9. c3 Bf5 10. Be2 a5 11. a4 O-O 12. Re1 Nb8 13. Nf1 Nd7 14. Ne3 Be6 15.
Bd3 Re8 16. b3 c6 17. c4 Nf6 18. Ne5 Nde4 19. c5 Nd7 20. Nxd7 Qxd7 21. f3 Nf6
22. Qc2 g6 23. Nf1 Nh5 24. Be3 Ng7 25. Bf4 Nh5 26. Be3 Ng7 27. Bf4 Nh5 28. Be3
Ng7 29. Bf4 Nh5 30. Be3 1/2-1/2

[Event "ch-CHN 2018"]
[Site "Xinghua CHN"]
[Date "2018.04.22"]
[Round "5.1"]
[White "Bai, Jinshi"]
[Black "Zhou, Jianchao"]
[Result "1/2-1/2"]
[WhiteTitle "GM"]
[BlackTitle "GM"]
[WhiteElo "2586"]
[BlackElo "2616"]
[WhiteFideId "8602280"]
[BlackFideId "8603537"]
[EventDate "2018.04.18"]

1. Nf3 d5 2. g3 Nf6 3. Bg2 c6 4. O-O Bg4 5. d3 Nbd7 6. h3 Bxf3 7. Bxf3 e5 8. e4
dxe4 9. dxe4 Bc5 10. a4 a5 11. Qe2 O-O 12. Nd2 Qc7 13. Rd1 Rfb8 14. Nb3 Bb4 15.
Bd2 Bxd2 16. Qxd2 Nf8 17. Qd6 Qxd6 18. Rxd6 Ne6 19. Bg2 Kf8 20. Rdd1 Ke7 21. h4
Nd7 22. Bh3 Ndc5 23. Bxe6 Nxe6 24. f3 f6 25. Kf2 Rd8 26. Ke3 Rxd1 27. Rxd1 b6
28. h5 Rd8 29. Rxd8 Nxd8 30. c4 1/2-1/2

[Event "ch-CHN 2018"]
[Site "Xinghua CHN"]
[Date "2018.04.22"]
[Round "5.2"]
[White "Xu, Jun"]
[Black "Xu, Yi"]
[Result "1/2-1/2"]
[WhiteTitle "GM"]
[BlackTitle "IM"]
[WhiteElo "2501"]
[BlackElo "2522"]
[WhiteFideId "8600031"]
[BlackFideId "8605564"]
[EventDate "2018.04.18"]

1. c4 Nf6 2. Nc3 e6 3. e4 d5 4. e5 d4 5. exf6 dxc3 6. bxc3 Qxf6 7. d4 e5 8. Nf3
Nc6 9. Bg5 Qg6 10. d5 Nb8 11. h4 h6 12. h5 Qd6 13. Be3 Nd7 14. c5 Nxc5 15. Bb5+
Kd8 16. O-O Qf6 17. d6 Nd7 18. dxc7+ Kxc7 19. Qd5 Qe6 20. Qxe6 fxe6 21. Rfd1 Bd6
22. Nd2 Bc5 23. Bxd7 Bxe3 24. Bxc8 Bxd2 25. Bxb7 Rad8 26. Be4 Rd6 27. Rab1 Rb8
28. Rb3 Rxb3 29. axb3 a5 30. Kf1 Kd7 31. Ke2 Bxc3 1/2-1/2

[Event "ch-CHN 2018"]
[Site "Xinghua CHN"]
[Date "2018.04.22"]
[Round "5.3"]
[White "Xu, Xiangyu"]
[Black "Lu, Shanglei"]
[Result "1/2-1/2"]
[WhiteTitle "GM"]
[BlackTitle "GM"]
[WhiteElo "2574"]
[BlackElo "2640"]
[WhiteFideId "8608288"]
[BlackFideId "8603332"]
[EventDate "2018.04.18"]

1. d4 Nf6 2. c4 e6 3. g3 d5 4. Bg2 Be7 5. Nf3 O-O 6. b3 dxc4 7. bxc4 c5 8. O-O
cxd4 9. Nxd4 e5 10. Nb5 Nc6 11. N1c3 Na5 12. Qxd8 Rxd8 13. Be3 Nxc4 14. Bxa7 Bb4
15. Rfc1 Bd7 16. a4 Bxc3 17. Rxc3 Bxb5 18. axb5 Nd6 19. b6 Nfe8 20. Rc5 f6 21.
Rac1 Rd7 22. Bd5+ Kf8 23. h4 Rad8 24. e4 Re7 25. h5 g6 26. hxg6 hxg6 27. Kg2 f5
28. exf5 gxf5 29. Bf3 Kf7 30. Rd1 Kf6 1/2-1/2

[Event "ch-CHN 2018"]
[Site "Xinghua CHN"]
[Date "2018.04.22"]
[Round "5.4"]
[White "Wang, Chen"]
[Black "Zeng, Chongsheng"]
[Result "0-1"]
[WhiteTitle "IM"]
[BlackTitle "GM"]
[WhiteElo "2495"]
[BlackElo "2542"]
[WhiteFideId "8601020"]
[BlackFideId "8603847"]
[EventDate "2018.04.18"]

1. e4 d5 2. Nc3 dxe4 3. Nxe4 e5 4. Bb5+ Bd7 5. Qe2 Nc6 6. Nf3 Qe7 7. O-O O-O-O
8. c3 h5 9. b4 Qe8 10. d3 h4 11. h3 Kb8 12. a4 f6 13. Re1 Qg6 14. Kh1 Nh6 15.
Nxh4 Qh7 16. Kg1 Be7 17. Bxc6 Bxc6 18. Bxh6 gxh6 19. Qf3 f5 20. Nxf5 Rdf8 21. g4
h5 22. Kf1 Bd7 23. Qe3 Bxf5 24. gxf5 Rxf5 25. Ke2 Rhf8 26. f3 Rf4 27. Rh1 Qf7
28. Raf1 Qa2+ 29. Qd2 Qxa4 30. Rhg1 Qd7 31. Rg7 Qe6 32. Qe3 b6 33. Rh7 Bh4 34.
Rxh5 Rg8 35. Rg1 Qa2+ 36. Nd2 Bf6 37. Rg4 Rd8 38. Rh7 Qc2 39. c4 Rfd4 40. Rxd4
exd4 41. Qe4 Rg8 42. Qc6 Bd8 43. f4 Rg3 44. Qd7 Re3+ 0-1

[Event "ch-CHN 2018"]
[Site "Xinghua CHN"]
[Date "2018.04.22"]
[Round "5.5"]
[White "Wen, Yang"]
[Black "Liu, Guanchu"]
[Result "1/2-1/2"]
[WhiteTitle "GM"]
[BlackTitle "IM"]
[WhiteElo "2585"]
[BlackElo "2459"]
[WhiteFideId "8602956"]
[BlackFideId "8603901"]
[EventDate "2018.04.18"]

1. g3 e5 2. c4 f5 3. Bg2 Nf6 4. Nc3 Bb4 5. Qb3 a5 6. a3 Bxc3 7. Qxc3 d6 8. d3
O-O 9. Bg5 Nc6 10. f4 Qe8 11. fxe5 dxe5 12. Bxc6 Qxc6 13. Nf3 Nd7 14. O-O-O Qe6
15. d4 e4 16. Nd2 b6 17. d5 Qg6 18. Bf4 c6 19. dxc6 Qxc6 20. Nb3 Ba6 21. Rd6 Qb7
22. Rhd1 Rf7 23. Nd4 Rc8 24. b3 a4 25. Nxf5 axb3 26. R6d4 Rxf5 27. Rxd7 Qxd7 28.
Rxd7 Rxc4 29. Rxg7+ Kh8 30. Rc7+ Rxc3+ 31. Rxc3 1/2-1/2

[Event "ch-CHN 2018"]
[Site "Xinghua CHN"]
[Date "2018.04.22"]
[Round "5.6"]
[White "Liu, Yan"]
[Black "Fang, Yuxiang"]
[Result "1/2-1/2"]
[WhiteTitle "IM"]
[BlackTitle "GM"]
[WhiteElo "2481"]
[BlackElo "2502"]
[WhiteFideId "8608962"]
[BlackFideId "8605840"]
[EventDate "2018.04.18"]

1. Nf3 d5 2. e3 Nf6 3. c4 c6 4. Nc3 g6 5. d4 Bg7 6. Be2 O-O 7. O-O a6 8. a4 a5
9. b3 Na6 10. Ba3 Nb4 11. Rc1 Ne4 12. cxd5 Nxc3 13. Rxc3 Nxd5 14. Rc1 Bg4 15. h3
Bxf3 16. Bxf3 Re8 17. Qd3 e6 18. Rfd1 Bf8 19. Bxf8 Rxf8 20. Bxd5 exd5 21. Rc5
Qb6 22. Qc3 Ra6 23. Rb1 Rb8 24. Qd2 Kg7 25. Qe1 Kg8 26. Qc3 Qa7 27. Qd2 Qb6 28.
Rb2 Kg7 29. Qe1 Kg8 30. Qc3 Qa7 31. Qe1 1/2-1/2

[Event "ch-CHN 2018"]
[Site "Xinghua CHN"]
[Date "2018.04.23"]
[Round "6.1"]
[White "Zhou, Jianchao"]
[Black "Fang, Yuxiang"]
[Result "1/2-1/2"]
[WhiteTitle "GM"]
[BlackTitle "GM"]
[WhiteElo "2616"]
[BlackElo "2502"]
[WhiteFideId "8603537"]
[BlackFideId "8605840"]
[EventDate "2018.04.18"]

1. d4 d5 2. c4 e6 3. Nc3 Nf6 4. cxd5 exd5 5. Bg5 c6 6. e3 Bf5 7. Qf3 Be6 8. Bxf6
Qxf6 9. Qxf6 gxf6 10. Bd3 Nd7 11. Nge2 Nb6 12. Rc1 Nc8 13. Nf4 Nd6 14. f3 Bh6
15. Nce2 Kd7 16. Kf2 Rae8 17. g4 f5 18. h3 Bg5 19. Ng2 h5 20. h4 Be7 21. g5 Reg8
22. Ngf4 Ne8 23. b4 a6 24. Rb1 Bd6 25. a4 Ng7 26. a5 Kd8 27. Bc2 Bd7 28. Nd3 Re8
29. f4 Reg8 30. Ne5 Be6 31. Nc1 Ne8 32. Ncd3 f6 33. Nf3 Be7 34. gxf6 Nxf6 35.
Ng5 Ne4+ 36. Ke1 Rh6 37. Nc5 Nxc5 38. bxc5 Kc7 39. Kf2 Bd7 40. Rb6 Rf6 41. Bd1
Rh6 42. Bf3 Rhh8 43. Be2 Bc8 44. Rbb1 Bd7 45. Rbg1 Kc8 46. Kf3 Rg7 47. Kf2 Bd8
48. Ra1 Be7 49. Rh3 Bd8 50. Ke1 Be7 51. Kd2 Bd8 52. Kc3 Re7 53. Kb4 Bc7 54. Rf1
Bd8 55. Rff3 Rg7 56. Rfg3 Bf6 57. Nf3 Rhg8 58. Rxg7 Rxg7 59. Ne5 Be6 60. Kc3 Bd8
61. Bxh5 Rh7 62. Bg6 Rxh4 63. Rxh4 Bxh4 64. Nf3 Bd8 65. Kb4 Kd7 66. Ng5 Ke7 67.
Bh5 Kf6 68. Be8 Ke7 69. Bh5 Kf6 70. Be2 Ke7 71. Nf3 Ke8 72. Bd3 Bf6 73. Kc3 Bd8
74. Kb4 Bf6 75. Kc3 Bd8 76. Kb4 Bf6 77. Kc3 Bd8 78. Kb4 1/2-1/2

[Event "ch-CHN 2018"]
[Site "Xinghua CHN"]
[Date "2018.04.23"]
[Round "6.2"]
[White "Liu, Guanchu"]
[Black "Liu, Yan"]
[Result "1/2-1/2"]
[WhiteTitle "IM"]
[BlackTitle "IM"]
[WhiteElo "2459"]
[BlackElo "2481"]
[WhiteFideId "8603901"]
[BlackFideId "8608962"]
[EventDate "2018.04.18"]

1. e4 c5 2. Nf3 d6 3. d4 cxd4 4. Nxd4 Nf6 5. Nc3 a6 6. Be3 Ng4 7. Bc1 Nf6 8. Bg5
e6 9. f4 h6 10. Bh4 Qb6 11. a3 Be7 12. Bf2 Qc7 13. Qf3 Nbd7 14. O-O-O b5 15. g4
g5 16. Bg2 Rb8 17. Qh3 b4 18. axb4 Rxb4 19. fxg5 Nxg4 20. Qxg4 Bxg5+ 21. Kb1
Qxc3 22. Nb3 Qc7 23. Be1 Rc4 24. Ba5 Qc6 25. Qg3 Rxc2 26. Rxd6 Qc4 27. Nd2 Qc5
28. Nb3 Qc4 29. Nd2 Qc5 30. Nb3 Qc4 31. Nd2 1/2-1/2

[Event "ch-CHN 2018"]
[Site "Xinghua CHN"]
[Date "2018.04.23"]
[Round "6.3"]
[White "Zeng, Chongsheng"]
[Black "Wen, Yang"]
[Result "1/2-1/2"]
[WhiteTitle "GM"]
[BlackTitle "GM"]
[WhiteElo "2542"]
[BlackElo "2585"]
[WhiteFideId "8603847"]
[BlackFideId "8602956"]
[EventDate "2018.04.18"]

1. d4 Nf6 2. Nf3 d5 3. c4 e6 4. g3 dxc4 5. Bg2 Bb4+ 6. Nc3 O-O 7. O-O Nc6 8. e3
Rb8 9. Qe2 b5 10. Rd1 Nd5 11. Bd2 Bd6 12. Ne1 Nxc3 13. bxc3 Bb7 14. a4 a6 15.
axb5 axb5 16. Rdb1 Qd7 17. Qh5 Ba8 18. Rxb5 g6 19. Rxb8 gxh5 20. Rxf8+ Kxf8 21.
Rxa8+ Kg7 22. e4 e5 23. Nf3 Ne7 24. Ra5 Ng6 25. Be3 f6 26. dxe5 Bxe5 27. Nd4 Ne7
28. h4 Qg4 29. Bf3 Qh3 30. Bg2 Qg4 31. Bf3 Qh3 32. Ra6 Qc8 33. Ra4 Qb7 34. Kg2
Qb1 35. Rxc4 Qd3 36. Rc5 Bd6 37. Ne6+ Kg8 38. Nf4 Qc2 39. Ra5 Qxc3 40. Ra8+ Kf7
41. Bxh5+ Ng6 42. Nxg6 hxg6 43. Bf3 Bc5 44. Bxc5 Qxc5 45. h5 gxh5 46. Rh8 Qc3
47. Bxh5+ Ke7 48. Rh7+ Kd6 49. Be8 Qe5 50. Bg6 c5 51. Rh5 Qb2 52. Rd5+ Kc6 53.
Be8+ Kb6 54. Rd6+ Kb7 55. Bf7 Kc7 56. Ra6 Qe2 57. Ra4 Qb5 58. Rc4 Kd6 59. Rc2
Qb1 60. Rc4 Qd1 61. Bg8 Kc6 62. Rc3 Qd4 63. Bd5+ Kb5 64. Rc2 f5 65. Re2 c4 66.
Bxc4+ Qxc4 67. Rb2+ Kc5 68. exf5 Kd4 69. f6 Qc6+ 70. f3 Qxf6 71. Re2 Kd3 72. Re4
Qb2+ 73. Kh3 Qf2 74. Kg4 Qh2 75. Re5 Qh8 76. f4 Kd4 77. Kf3 Qh1+ 78. Kg4 Qh7 79.
Kf3 Qg6 80. Kf2 Qc6 81. Re1 Qb7 82. Re5 Qh1 83. Re1 Qh2+ 84. Kf3 Qh5+ 85. Kg2
Qd5+ 86. Kh3 Qf3 87. Re5 Kd3 88. Kh4 Qg2 89. g4 Qh2+ 90. Kg5 Qh7 91. Re1 Kd4 92.
f5 Qg7+ 93. Kh5 Qh7+ 94. Kg5 Qg8+ 95. Kh5 Qh7+ 1/2-1/2

[Event "ch-CHN 2018"]
[Site "Xinghua CHN"]
[Date "2018.04.23"]
[Round "6.5"]
[White "Xu, Yi"]
[Black "Xu, Xiangyu"]
[Result "1/2-1/2"]
[WhiteTitle "IM"]
[BlackTitle "GM"]
[WhiteElo "2522"]
[BlackElo "2574"]
[WhiteFideId "8605564"]
[BlackFideId "8608288"]
[EventDate "2018.04.18"]

1. e4 e5 2. Nf3 Nf6 3. Nxe5 d6 4. Nf3 Nxe4 5. d4 d5 6. Bd3 Be7 7. O-O O-O 8. c4
Nc6 9. cxd5 Qxd5 10. Nc3 Nxc3 11. bxc3 Bf5 12. Bf4 Rac8 13. Re1 Bf6 14. Rb1 Bxd3
15. Qxd3 b6 16. c4 Qd7 17. d5 Rfe8 18. Bg5 Ne5 19. Nxe5 Bxe5 20. Bh4 Bd6 21. Bg3
h6 22. h3 Rxe1+ 23. Rxe1 Re8 24. Rxe8+ Qxe8 25. Bxd6 cxd6 26. Qa3 Qe1+ 27. Kh2
Qe5+ 28. Kg1 Qa1+ 29. Kh2 Qe5+ 30. Kg1 Qe1+ 31. Kh2 1/2-1/2

[Event "ch-CHN 2018"]
[Site "Xinghua CHN"]
[Date "2018.04.23"]
[Round "6.6"]
[White "Bai, Jinshi"]
[Black "Xu, Jun"]
[Result "1-0"]
[WhiteTitle "GM"]
[BlackTitle "GM"]
[WhiteElo "2586"]
[BlackElo "2501"]
[WhiteFideId "8602280"]
[BlackFideId "8600031"]
[EventDate "2018.04.18"]

1. Nf3 c5 2. c4 Nc6 3. Nc3 g6 4. e3 Nf6 5. d4 cxd4 6. exd4 d5 7. cxd5 Nxd5 8.
Bc4 Nb6 9. Bb3 Bg7 10. d5 Na5 11. O-O O-O 12. h3 Nxb3 13. axb3 Qd6 14. Re1 Bd7
15. Be3 Rfe8 16. Ne4 Qb8 17. Bd4 Bxd4 18. Qxd4 Bf5 19. Ng3 Bd7 20. Rad1 Qd8 21.
h4 e6 22. d6 Bc6 23. Ne5 Nd7 24. Nxd7 Qxd7 25. Qf6 Qd8 26. Qf4 e5 27. Rxe5 Rxe5
28. Qxe5 Qxh4 29. Rd4 Qh6 30. d7 Rd8 31. Ne4 Qc1+ 32. Kh2 Qh6+ 33. Kg1 Qc1+ 34.
Kh2 Qh6+ 35. Kg3 g5 36. Nf6+ Kf8 37. Rg4 Rxd7 38. Rxg5 Rd3+ 39. f3 1-0

[Event "ch-CHN 2018"]
[Site "Xinghua CHN"]
[Date "2018.04.25"]
[Round "7.1"]
[White "Xu, Jun"]
[Black "Zhou, Jianchao"]
[Result "0-1"]
[WhiteTitle "GM"]
[BlackTitle "GM"]
[WhiteElo "2501"]
[BlackElo "2616"]
[WhiteFideId "8600031"]
[BlackFideId "8603537"]
[EventDate "2018.04.18"]

1. d4 d5 2. c4 e6 3. Nf3 Nd7 4. g3 Bb4+ 5. Nbd2 Ngf6 6. Bg2 O-O 7. O-O b6 8. Qa4
Bd6 9. b4 dxc4 10. Nxc4 Bb7 11. Nxd6 cxd6 12. Bf4 Qb8 13. Rfc1 h6 14. Ne1 e5 15.
dxe5 dxe5 16. Be3 Rd8 17. Rd1 Bxg2 18. Nxg2 Qb7 19. Rac1 Nf8 20. Qb5 Nd5 21. Rd3
a6 22. Qc4 Nxe3 23. Nxe3 Rdc8 0-1

[Event "ch-CHN 2018"]
[Site "Xinghua CHN"]
[Date "2018.04.25"]
[Round "7.3"]
[White "Wang, Chen"]
[Black "Xu, Yi"]
[Result "1/2-1/2"]
[WhiteTitle "IM"]
[BlackTitle "IM"]
[WhiteElo "2495"]
[BlackElo "2522"]
[WhiteFideId "8601020"]
[BlackFideId "8605564"]
[EventDate "2018.04.18"]

1. b3 e5 2. Bb2 Nc6 3. e3 g6 4. Bb5 Bg7 5. Bxc6 bxc6 6. f4 f6 7. Ne2 Nh6 8. fxe5
fxe5 9. O-O d6 10. Qe1 Nf7 11. d3 O-O 12. e4 c5 13. Nd2 Be6 14. Nc4 Qd7 15. Ne3
c6 16. Qg3 Nh6 17. h3 Qe7 18. Rxf8+ Rxf8 19. Rf1 Rxf1+ 20. Nxf1 Nf7 21. Bc1 Bf6
22. Ne3 Bh4 23. Qf3 Bg5 24. Nf1 Bh4 25. Ne3 Bg5 26. Nf1 Bh4 27. Ne3 Bg5 28. Nf1
Bh4 29. Ne3 Bg5 30. Nf1 1/2-1/2

[Event "ch-CHN 2018"]
[Site "Xinghua CHN"]
[Date "2018.04.25"]
[Round "7.4"]
[White "Wen, Yang"]
[Black "Lu, Shanglei"]
[Result "1-0"]
[WhiteTitle "GM"]
[BlackTitle "GM"]
[WhiteElo "2585"]
[BlackElo "2640"]
[WhiteFideId "8602956"]
[BlackFideId "8603332"]
[EventDate "2018.04.18"]

1. e4 c5 2. Nf3 d6 3. d4 cxd4 4. Nxd4 Nf6 5. Nc3 a6 6. g3 e5 7. Nde2 Be7 8. Bg2
b5 9. Nd5 Nxd5 10. Qxd5 Ra7 11. Be3 Rb7 12. Nc3 b4 13. Na4 Qc7 14. O-O O-O 15.
b3 Bd7 16. Rfc1 Rc8 17. Rab1 h6 18. Qd2 a5 19. h4 Bxa4 20. bxa4 Nd7 21. Bf1 Rbb8
22. c3 bxc3 23. Rxb8 Nxb8 24. Qd5 Nd7 25. Ba6 Rf8 26. Qd3 Nc5 27. Rxc3 Qd8 28.
Bxc5 dxc5 29. Qc2 Qc7 30. Bc4 g6 31. Rb3 Kg7 32. Qb2 Bf6 33. Rb7 Qc6 34. Bd5
Qxa4 35. Qb6 Qd1+ 36. Kg2 Qg4 37. Qa7 1-0

[Event "ch-CHN 2018"]
[Site "Xinghua CHN"]
[Date "2018.04.25"]
[Round "7.5"]
[White "Liu, Yan"]
[Black "Zeng, Chongsheng"]
[Result "1-0"]
[WhiteTitle "IM"]
[BlackTitle "GM"]
[WhiteElo "2481"]
[BlackElo "2542"]
[WhiteFideId "8608962"]
[BlackFideId "8603847"]
[EventDate "2018.04.18"]

1. Nf3 d5 2. e3 c6 3. c4 e6 4. b3 f5 5. Be2 Nf6 6. O-O Bd6 7. d4 Qe7 8. Bb2 O-O
9. Qc1 Bd7 10. Ba3 Be8 11. Bxd6 Qxd6 12. Ne5 Nbd7 13. Qb2 Qc7 14. Nxd7 Qxd7 15.
Nd2 Qe7 16. b4 Ne4 17. f3 Bh5 18. Rfe1 Nf6 19. Bd3 Rad8 20. Rab1 Be8 21. c5 g5
22. b5 cxb5 23. Bxb5 Bxb5 24. Qxb5 Rd7 25. Qa4 a6 26. Rb6 Rc7 27. Reb1 e5 28.
dxe5 Qxe5 29. Qd4 Qe7 30. Nb3 Kf7 31. Na5 Kg6 32. Nxb7 Re8 33. Kf2 f4 34. exf4
Qe2+ 35. Kg1 Qe3+ 36. Qxe3 Rxe3 37. fxg5 Kxg5 38. Rd6 Rce7 39. Nd8 Re2 40. c6
Kf5 41. Rc1 Re1+ 42. Rxe1 Rxe1+ 43. Kf2 Rc1 44. g4+ Kg6 45. h4 h6 46. Kg3 Rc3
47. Kf4 Kg7 48. g5 hxg5+ 49. hxg5 Ne8 50. Rxd5 Kg6 51. Kg4 Rc2 52. f4 Rg2+ 53.
Kf3 Rxa2 54. Ne6 Rc2 55. f5+ Kh5 56. Rd8 1-0

[Event "ch-CHN 2018"]
[Site "Xinghua CHN"]
[Date "2018.04.25"]
[Round "7.6"]
[White "Fang, Yuxiang"]
[Black "Liu, Guanchu"]
[Result "1/2-1/2"]
[WhiteTitle "GM"]
[BlackTitle "IM"]
[WhiteElo "2502"]
[BlackElo "2459"]
[WhiteFideId "8605840"]
[BlackFideId "8603901"]
[EventDate "2018.04.18"]

1. d4 Nf6 2. c4 e6 3. Nf3 b6 4. g3 Ba6 5. b3 Bb4+ 6. Bd2 Be7 7. Bg2 c6 8. O-O d5
9. Ne5 Nfd7 10. Nxd7 Nxd7 11. Bc3 O-O 12. Nd2 Rc8 13. e4 c5 14. exd5 exd5 15.
dxc5 dxc4 16. c6 cxb3 17. Re1 Bb5 18. Nxb3 Bxc6 19. Bxg7 Kxg7 20. Nd4 Bxg2 21.
Nf5+ Kh8 22. Rxe7 Bh3 23. Qd4+ Ne5 24. Qxe5+ f6 25. Qe2 Bxf5 26. Rd1 Bg4 27.
Rxh7+ Kxh7 28. Qxg4 Qe8 29. Rd7+ Rf7 30. Qh5+ Kg8 31. Qg6+ Kf8 1/2-1/2

[Event "ch-CHN 2018"]
[Site "Xinghua CHN"]
[Date "2018.04.26"]
[Round "8.1"]
[White "Zhou, Jianchao"]
[Black "Liu, Guanchu"]
[Result "1-0"]
[WhiteTitle "GM"]
[BlackTitle "IM"]
[WhiteElo "2616"]
[BlackElo "2459"]
[WhiteFideId "8603537"]
[BlackFideId "8603901"]
[EventDate "2018.04.18"]

1. d4 Nf6 2. c4 e6 3. Nc3 Bb4 4. e3 b6 5. Ne2 Ba6 6. a3 Bxc3+ 7. Nxc3 d5 8. b3
Nc6 9. Be2 dxc4 10. bxc4 Na5 11. Qa4+ Qd7 12. Nb5 c6 13. Nc3 Rc8 14. c5 Bxe2 15.
Nxe2 Qd5 16. Nf4 Qc4 17. Qxc4 Nxc4 18. Nd3 bxc5 19. Nxc5 Nd7 20. Rb1 Nxc5 21.
dxc5 Kd7 22. Rb4 Ne5 23. Ke2 Kc7 24. Bb2 Nd7 25. Bxg7 Rhg8 26. Bd4 Rxg2 27. Rhb1
Kd8 28. Rb7 Rc7 29. Bc3 Rxb7 30. Rxb7 a6 31. Ra7 Nxc5 32. Bb4 Rg5 33. Rxf7 h5
34. Ra7 Rd5 35. f3 Nb3 36. e4 Rd4 37. Rxa6 c5 38. Bc3 Nc1+ 39. Kf2 Rd3 40. Be5
Kd7 41. a4 Rd2+ 42. Kg3 Ne2+ 43. Kh4 Nd4 44. Rd6+ Ke7 45. Kxh5 Ra2 46. Kg4 Rg2+
47. Kf4 Rxh2 48. Rb6 1-0

[Event "ch-CHN 2018"]
[Site "Xinghua CHN"]
[Date "2018.04.26"]
[Round "8.2"]
[White "Zeng, Chongsheng"]
[Black "Fang, Yuxiang"]
[Result "1/2-1/2"]
[WhiteTitle "GM"]
[BlackTitle "GM"]
[WhiteElo "2542"]
[BlackElo "2502"]
[WhiteFideId "8603847"]
[BlackFideId "8605840"]
[EventDate "2018.04.18"]

1. d4 d5 2. c4 c6 3. Nc3 Nf6 4. Nf3 a6 5. Ne5 Nbd7 6. Bf4 dxc4 7. Nxc4 b5 8. Ne5
Bb7 9. Qb3 e6 10. Rd1 Be7 11. e4 O-O 12. Be2 Qc8 13. O-O c5 14. Nxd7 Nxd7 15. d5
c4 16. Qc2 e5 17. Bg3 Bd6 18. Bg4 Qc7 19. Bxd7 Qxd7 20. Ne2 f6 21. f4 Qe7 22.
fxe5 fxe5 23. Kh1 Rxf1+ 24. Rxf1 Rf8 25. Re1 Bc8 26. h3 h5 27. Ng1 Bc5 28. Re2
Qf6 29. Qd2 h4 30. Bh2 b4 31. Nf3 Bxh3 32. Bxe5 Bxg2+ 33. Rxg2 Qxf3 34. Kh2 Rf7
35. d6 h3 36. Rg3 Qf1 37. Qd5 Qe2+ 38. Kxh3 Qh5+ 39. Kg2 Qe2+ 40. Kh3 Qh5+ 1/2-1/2

[Event "ch-CHN 2018"]
[Site "Xinghua CHN"]
[Date "2018.04.26"]
[Round "8.3"]
[White "Lu, Shanglei"]
[Black "Liu, Yan"]
[Result "0-1"]
[WhiteTitle "GM"]
[BlackTitle "IM"]
[WhiteElo "2640"]
[BlackElo "2481"]
[WhiteFideId "8603332"]
[BlackFideId "8608962"]
[EventDate "2018.04.18"]

1. e4 e5 2. Nf3 Nc6 3. Bb5 Nf6 4. d3 Bc5 5. c3 O-O 6. O-O d6 7. Nbd2 Bb6 8. h3
Ne7 9. d4 c6 10. Bd3 Ng6 11. Re1 Re8 12. Qc2 Nh5 13. Nc4 Nhf4 14. Bf1 Qf6 15.
dxe5 dxe5 16. Nh2 h5 17. a4 Bc7 18. Kh1 Be6 19. Be3 b6 20. b4 Nf8 21. Red1 Red8
22. Nd2 g5 23. a5 N8g6 24. axb6 axb6 25. Nc4 b5 26. Na5 Rxd1 27. Qxd1 Kg7 28.
Nb7 Rxa1 29. Qxa1 g4 30. hxg4 hxg4 31. Qd1 Bc8 32. Na5 Qe6 33. g3 Nh5 34. Qc2
Nf6 35. c4 Bxa5 36. bxa5 Ba6 37. cxb5 cxb5 38. Kg1 b4 39. Qb1 b3 40. Bg5 Nh7 41.
Bd8 Bxf1 42. Nxf1 Qc4 43. Bb6 Ng5 44. Ne3 Qe2 45. Qf1 Qxf1+ 46. Nxf1 b2 0-1

[Event "ch-CHN 2018"]
[Site "Xinghua CHN"]
[Date "2018.04.26"]
[Round "8.4"]
[White "Xu, Yi"]
[Black "Wen, Yang"]
[Result "1/2-1/2"]
[WhiteTitle "IM"]
[BlackTitle "GM"]
[WhiteElo "2522"]
[BlackElo "2585"]
[WhiteFideId "8605564"]
[BlackFideId "8602956"]
[EventDate "2018.04.18"]

1. e4 g6 2. d4 c6 3. Nc3 Bg7 4. f4 d5 5. e5 Nh6 6. Nf3 O-O 7. Bd3 f6 8. h3 b6 9.
Ne2 Ba6 10. Be3 e6 11. O-O Qe7 12. c3 Bxd3 13. Qxd3 Nd7 14. g4 Nf7 15. Ng3 c5
16. Qa6 Nb8 17. Qd3 Nd7 18. Qa6 Nb8 19. Qd3 Nd7 20. Qa6 1/2-1/2

[Event "ch-CHN 2018"]
[Site "Xinghua CHN"]
[Date "2018.04.26"]
[Round "8.5"]
[White "Bai, Jinshi"]
[Black "Wang, Chen"]
[Result "1-0"]
[WhiteTitle "GM"]
[BlackTitle "IM"]
[WhiteElo "2586"]
[BlackElo "2495"]
[WhiteFideId "8602280"]
[BlackFideId "8601020"]
[EventDate "2018.04.18"]

1. d4 d5 2. c4 e6 3. Nf3 Nf6 4. g3 c5 5. cxd5 Nxd5 6. Bg2 cxd4 7. O-O Be7 8.
Nxd4 O-O 9. e4 Nb4 10. Nc3 N8c6 11. Nxc6 Nxc6 12. Be3 e5 13. Nd5 Bg5 14. f4 Bh6
15. Qb3 Qa5 16. Rac1 Re8 17. h3 exf4 18. gxf4 Be6 19. Qxb7 Rab8 20. Qxc6 Bxd5
21. Qxd5 Qxd5 22. exd5 Rxe3 23. d6 Rd3 24. Rcd1 Rxd1 25. Rxd1 Bxf4 26. d7 Bg5
27. Re1 Rf8 28. Re8 g6 29. Kf2 f5 30. Ke2 h5 31. b4 Bd8 32. Bf3 Kf7 33. Bd5+ Kg7
34. Be6 g5 35. Bxf5 Rxf5 36. Rxd8 Rd5 37. Ke3 Kf7 38. Ke4 Rd2 39. Kf5 Rd5+ 40.
Ke4 Rd2 41. Rh8 Rxd7 42. Rh7+ Ke6 43. Rh6+ Kf7 44. Rh7+ Ke6 45. Rxh5 Rd2 46.
Rh6+ Kd7 47. Ra6 Rh2 48. Kf5 Rxh3 49. Kxg5 Kc7 50. Rxa7+ Kb6 51. Ra5 Rf3 52. Kg4
Rf2 53. Kg3 Rf1 54. Kg2 Rf4 55. a3 Rf8 56. Kg3 Rf1 57. Kg4 Rf2 58. Rf5 Ra2 59.
Ra5 Rf2 60. a4 Ra2 61. Kf5 Ra1 62. Ke6 Ra2 63. Kd6 Ra1 64. Rb5+ Ka6 65. Kc6 Rxa4
66. Rb7 1-0